00793nam a2200265Ia 4500003000900000005001700009008004100026020001800067040003400085100001700119245001800136250001100154260004900165300002600214546001400240650002200254651002300276653002000299653002900319700002500348929006100373942001100434999001300445952006900458AR-BeUNQ20250530152444.0221202s9999 xx 000 0 und d a9785492955282 aAR-BeUNQbspaeaacrcAR-BeUNQ aYancey, Rick 0aLa quinta ola a1a ed. aCiudad Autónoma de Buenos AiresbRBAc2015 a474 p. ; c23 x 15 cm aEspañol 2spinesaNarrativa 2unescotaArgentina aCiencia Ficcion aNarrativa estadounidense aRamirez Tello, Pilar bCampaña 2022 UNQe2022aDONACIONfPAT0081592d0j59721 cLIBn0 c650d650 0010d2022-12-02l0o813 YANp59721r2022-12-02w2022-12-02yLIB